000 00718nam a2200289Ia 4500
005 20260324132348.0
008 008 260324s9999 xx 000 0 eng d
020 _a9780203333013
037 _aEBOOK
040 _aCRL
040 _beng
040 _cCRL
041 _2eng
041 _aeng
084 _qCRL
100 _aVai Io Lo; Xiaowen Tian
_91176096
245 0 _aLaw and Investment in China
245 4 _bThe Legal and Business Environment after China's WTO Accession
260 _bTaylor and Francis
260 _c2004
365 _a
365 _b230
856 _uhttp://www.taylorfrancis.com/books/9780203333013
942 _cEBOOK
999 _c1787044
_d1787044